书目信息 |
| 题名: |
药用植物识别图鉴
|
|
| 作者: | 曾庆钱 , 蔡岳文 主编 | |
| 分册: | ||
| 出版信息: | 北京 化学工业出版社 2018重印 |
|
| 页数: | 323页 | |
| 开本: | 24cm | |
| 丛书名: | ||
| 单 册: | ||
| 中图分类: | Q949.95-64 | |
| 科图分类: | ||
| 主题词: | 药用植物--yao yong zhi wu--图集 | |
| 电子资源: | ||
| ISBN: | 978-7-122-18085-8 | |
| 000 | 00919nam0 2200277 45 | |
| 001 | 012001000501 | |
| 005 | 20191108094238.60 | |
| 010 | @a978-7-122-18085-8@dCNY59.00 | |
| 099 | @aCAL 012013141449 | |
| 100 | @a20131111d2013 ekmy0chiy50 ea | |
| 101 | 0 | @achi |
| 102 | @aCN@b110000 | |
| 105 | @aa a 001yy | |
| 106 | @ar | |
| 200 | 1 | @a药用植物识别图鉴@Ayao yong zhi wu shi bie tu jian@d= A photographic guide to medicinal plants of China@f曾庆钱, 蔡岳文主编@zeng |
| 205 | @a第2版 | |
| 210 | @a北京@c化学工业出版社@d2018重印 | |
| 215 | @a323页@c彩图@d24cm | |
| 320 | @a有书目 (第292页) 和索引 | |
| 510 | 1 | @aPhotographic guide to medicinal plants of China@zeng |
| 606 | 0 | @a药用植物@Ayao yong zhi wu@j图集 |
| 690 | @aQ949.95-64@v5 | |
| 701 | 0 | @a曾庆钱@Azeng qing qian@4主编 |
| 701 | 0 | @a蔡岳文@Acai yue wen@4主编 |
| 801 | 0 | @aCN@b北京卓展文化@c20191020 |
| 905 | @b1200547-50@dQ949.95-64@e399=2@f4 | |
| 药用植物识别图鉴= A photographic guide to medicinal plants of China/曾庆钱, 蔡岳文主编.-第2版.-北京:化学工业出版社,2018重印 |
| 323页:彩图;24cm |
| ISBN 978-7-122-18085-8:CNY59.00 |
| ● |
| 相关链接 |
|
|
|
|
正题名:药用植物识别图鉴
索取号:Q949.95-64/399=2
 
预约/预借
| 序号 | 登录号 | 条形码 | 馆藏地/架位号 | 状态 | 备注 |
| 1 | 1200547 | 212005471 | 第二样本阅览室/ [索取号:Q949.95-64/399=2] | 在馆 | |
| 2 | 1200548 | 212005480 | 第三借阅区/ [索取号:Q949.95-64/399=2] | 在馆 | |
| 3 | 1200549 | 212005499 | 第三借阅区/ [索取号:Q949.95-64/399=2] | 在馆 | |
| 4 | 1200550 | 212005505 | 第三借阅区/ [索取号:Q949.95-64/399=2] | 在馆 |